000 01639nam2a22002651 4500
001 rc\3485891
005 20250610023234.0
021 _aRU
_b[69-86688]
035 _a(NLR Aleph) 007646925
090 _a6186793
_c6186793
100 _a20130115d1969 |||y0rusy50 ca
101 0 _arus
102 _aRU
105 _aa z |||||
200 0 _a... за 1965-1968 гг.
_f[Сост. С.Д. Алборова и Р.В. Жумалиева]
210 _d1969
_aБ. м.
215 _a180 с.
_cчерт.
461 0 _1001rc\3485890
_12001#$aНовые технологические процессы$eСборник рефератов и аннотаций отечеств. и иностр. литературы и патентные формулы...$fВсесоюз. науч.-исслед. конструкторско-технол. ин-т подшипниковой пром-сти "ВНИПП"$v... за 1965-1968 гг.
_96186784
_cМосква
_d1969
_fВсесоюз. науч.-исслед. конструкторско-технол. ин-т подшипниковой пром-сти "ВНИПП"
_nСпециализир. информ. центр подшипниковой пром-сти
_oСборник рефератов и аннотаций отечеств. и иностр. литературы и патентные формулы...
_tНовые технологические процессы
_v... за 1965-1968 гг.
702 1 _aАлборова
_bС.Д.
_4220
702 1 _aЖумалиева
_bР.В.
_4220
801 0 _aRU
_bNLR
_gpsbo
801 1 _aRU
_bELAR
_2rusmarc
852 _aNLR
_j69-5/4932
942 _cBOOK
980 _aNB